| 000 | 00942nam a2200241 a 4500 | ||
|---|---|---|---|
| 001 | BRCA_354 | ||
| 005 | 20190320202954.0 | ||
| 008 | 891120s1990 nyua---##c---#000-0#eng-# | ||
| 020 | _a0807612308 | ||
| 040 |
_aDLC _cDLC _dDLC |
||
| 050 | 4 |
_aND1053.4 _b.M86 1990 |
|
| 100 | 1 |
_aMurase, Miyeko _91179 |
|
| 245 | 1 | 0 |
_aMasterpieces of Japanese Screen Painting _bthe American Collections _cintroductory essay and commentaries by Miyeko Murase. |
| 260 |
_aNueva York _bGeorge Braziller _c1990 |
||
| 300 |
_a232 p. _bil. (algunas a color) _c32 cm. |
||
| 500 | _aIncluye glosario, biografías de los artistas, índice de artistas, índice de la pantalla pinturas y fotos | ||
| 500 | _aDonación Fundación Japón | ||
| 504 | _aBibliografía : p. 223-228 | ||
| 650 | 1 | 4 |
_aBiombo japones _vCatálogos _yPeriodos Kamakura-Momoyama, 1185-1600 _91180 |
| 650 | 1 | 4 |
_aBiombo japones _vCatálogos _yPeriodo Edo, 1600-1868 _91181 |
| 902 | _aDFJ | ||
| 942 |
_2lcc _cB |
||
| 999 |
_c291 _d291 |
||